Zhlukovanie krajín EÚ podľa vybraných ukazovateľov Lisabonskej stratégie
Klasifikácia krajín Európskej únie charakterizovaných vybranými štruktúrnymi ukazovateľmi Lisabonskej stratégie za rok 2003. Ciele a zoznam ukazovateľov. Podstata vybraných viacrozmerných štatistických metód. Analýza podobnosti členských krajín EÚ. Zhlukovanie krajín.
Saved in:
| Main Author: | |
|---|---|
| Format: | Book Chapter |
| Language: | Slovak |
| Subjects: | |
| Tags: |
No Tags, Be the first to tag this record!
|
MARC
| LEADER | 00000naa$a2200000$$$4500 | ||
|---|---|---|---|
| 001 | 0081420 | ||
| 005 | 20240502083218.3 | ||
| 041 | 0 | |a slo | |
| 044 | |a CZ | ||
| 245 | 1 | 0 | |a Zhlukovanie krajín EÚ podľa vybraných ukazovateľov Lisabonskej stratégie |c Mária Vojtková |
| 520 | |a Klasifikácia krajín Európskej únie charakterizovaných vybranými štruktúrnymi ukazovateľmi Lisabonskej stratégie za rok 2003. Ciele a zoznam ukazovateľov. Podstata vybraných viacrozmerných štatistických metód. Analýza podobnosti členských krajín EÚ. Zhlukovanie krajín. | ||
| 610 | 2 | 0 | |a ukazovatele ekonomické |
| 610 | 2 | 0 | |a analýza zhluková |
| 610 | 2 | 0 | |a metódy štatistické |
| 610 | 2 | 0 | |a Európska únia |
| 100 | 1 | |a Vojtková, Mária, 1966- | |